000 00803nam a2200229Ia 4500
999 _c40167
_d40167
001 6773
003 GE_BSU
005 20200108155837.0
008 181216s1959||||ge |||||||||||||| ||geo||
040 _cGE_BSU
041 _ageo
080 _a821.353.1-1 გ-48
100 _aგიგიშვილი, დავით.
_96014
245 _aლექსები /
_cდავით გიგიშვილი ; რედ. ი. გრიშაშვილი.
260 _aთბილისი.
260 _bსაბჭ.მწერალი.
260 _c1959.
300 _a40 გვ. ;
_bფოტო-პორტრეტი ;
_c17 სმ.
653 _aლექსები
700 _aგრიშაშვილი, ი.
_eრედაქტორი
_94937
942 _cBK
_2udc